| 000 | 00466nam a2200169 i 4500 | ||
|---|---|---|---|
| 001 | 88410 | ||
| 003 | ES-MaACL | ||
| 005 | 20230906175844.0 | ||
| 007 | t| | ||
| 008 | 050104s1971 sp ||||1| spa d | ||
| 100 | 1 |
_aLamore, Jean. _969867 |
|
| 245 | 1 | 0 |
_aCuba / _cpor Jean Lamore ; [traducción de Eduard Pons]. |
| 260 |
_aBarcelona : _bOikos-Tau, _c[1971] |
||
| 300 |
_a122 p. ; _c18 cm. |
||
| 700 | 1 |
_aPons, Eduard. _992985 |
|
| 852 |
_aES-MaACL _jC-42042 _bR.78288 |
||
| 999 |
_c88410 _d88410 |
||